Sdělovací technika

Salvato in:
Dettagli Bibliografici
Natura: Periodico
Pubblicazione: 1974
Tags: Aggiungi Tag
Nessun Tag, puoi essere il primo ad aggiungerne!!

MARC

LEADER 00000nas a22000003a 4500
001 stu69571
005 20141121233655.5
008 011106s1974----------------------------d
040 |a STU  |b slo 
041 0
245 |a Sdělovací technika 
260 |c 1974 
500 |a 1974 
500 |a 12 
500 |a 1-12 
773 0 |t Sdělovací technika :  |w stu_us_cat*stu59081  |x 0036-9942  |7 nnas 
996 |d Roč. 22, 1974  |v Roč. 22  |y 1974  |l II680  |s A  |a 24  |w stu69571_0007